• 首页
  • 本馆介绍
  • 公告通知
  • 最新文献
  • 馆藏检索
  • 电子资源
  • 读者导购
  • 参考咨询
  • 我的图书馆
  • 登录
  • 详细信息显示
  • 放入我的书架
  • 预约/预借图书
  • 作者相关作品
  • 分类相关作品
  • 丛书相关作品
  • 出版社相关作品

书目信息

  • 表格格式
  • 工作单格式
  • 卡片格式
题名:
新媒体与社会发展
    
 
作者: 方伟 著
分册:  
出版信息: 北京   文化发展出版社  2019
页数: 144页
开本: 24cm
丛书名:
单 册:
中图分类: G206.2 , K02
科图分类:
主题词: 传播媒介--chuan bo mei jie--影响--社会发展
电子资源:
ISBN: 978-7-5142-2622-5
000 00888nam0 2200265 450
001 012001003467
005 20140113113107.0
010    @a978-7-5142-2622-5@dCNY49.00
099    @aCAL 012019102005
100    @a20190605d2019 em y0chiy50 ea
101 0  @achi
102    @aCN@b110000
105    @ay a 000yy
106    @ar
200 1  @a新媒体与社会发展@Axin mei ti yu she hui fa zhan@f方伟著
210    @a北京@c文化发展出版社@d2019
215    @a144页@d24cm
320    @a有书目 (第120-144页)
330    @a本书以新媒体的使用所带来的影响为切入点,以自身理论和实证相结合的阐述方式,探索了新媒体对于社会发展的影响;侧重描写新媒体对国内外青少年的影响,对青少年成长有指导意义。
606 0  @a传播媒介@Achuan bo mei jie@x影响@x社会发展
690    @aG206.2@v5
690    @aK02@v5
701  0 @a方伟@Afang wei@4著
801    @b江苏凤凰@c20191020
905    @b1236161-6@dG206.2@e839@f6
    
    新媒体与社会发展/方伟著.-北京:文化发展出版社,2019
    144页;24cm
    
    
    ISBN 978-7-5142-2622-5:CNY49.00
    本书以新媒体的使用所带来的影响为切入点,以自身理论和实证相结合的阐述方式,探索了新媒体对于社会发展的影响;侧重描写新媒体对国内外青少年的影响,对青少年成长有指导意义。
●
相关链接 在E读中查询图书 在五车中查询图书 在当当中查询图书 在豆瓣中查询图书


正题名:新媒体与社会发展     索取号:G206.2/839         预约/预借

序号 登录号 条形码 馆藏地/架位号 状态 备注
1 1236161   212361610   第一样本阅览室/ [索取号:G206.2/839] 在馆    
2 1236162   212361629   教育系资料室/ [索取号:G206.2/839] 在馆    
3 1236163   212361638   教育系资料室/ [索取号:G206.2/839] 在馆    
4 1236164   212361647   教育系资料室/ [索取号:G206.2/839] 在馆    
5 1236165   212361656   第四借阅区/ [索取号:G206.2/839] 在馆    
6 1236166   212361665   第四借阅区/ [索取号:G206.2/839] 在馆    
唐山师范学院图书馆 欢迎您!
大连网信软件有限公司© 版权所有